La cuadratura del dolo (Registro nro. 320313)

Detalles MARC
000 -ENCABEZADO
Número de control [NR] 00924nam a22002297a 4500
005 - FECHA Y HORA DE LA ÚLTIMA TRANSACCIÓN
control field 20220111140916.0
008 - DE LONGITUD FIJA DE DATOS DE ELEMENTOS - INFORMACIÓN GENERAL
Elementos de longitud fija [NR] 220111s2007 ck |||gr|||| 00| 0 spa d
020 ## - NUMERO INTERNACIONAL NORMALIZADO PARA LIBROS [R]
Número Internacional Normalizado del libro [NR] 9789587102710
040 ## - FUENTE DE CATALOGACION [NR]
Agencia de catalogación original [NR] CO-BoUCM
Idioma de catalogación [NR] spa
Quien Cataloga Deissy Garcia
Quien Clasifica Deissy Garcia (modificó)
041 0# - CODIGO DE IDIOMA [R]
Código de idioma para texto/pista de sonido o título separado [R] Español
100 1# - ASIENTO PRINCIPAL--NOMBRE PERSONAL [NR]
ID Autoridad 172839
Nombre personal [NR] Molina Fernández, Fernando
245 13 - MENCION DE TITULO [NR]
Título [NR] La cuadratura del dolo
Parte restante del título [NR] problemas irresolubles, sorites y derecho penal
Mención de responsabilidad, etc. [NR] Fernando Molina Fernández
260 ## - PUBLICACION, DISTRIBUCION, ETC. (PIE DE IMPRENTA) [R]
Lugar de publicación, distribución, etc. [R] Bogotá
Nombre del editor, distribuidor, etc. [R] Universidad Externado de Colombia. Centro de Investigación en Filosofía y Derecho
Fecha de publicación, distribución, etc. [R] 2007
300 ## - DESCRIPCION FISICA [R]
Extensión [R] 89 páginas
490 0# - MENCION DE SERIE [R]
Mención de serie [R] Colección de Estudios
Designación numérica/secuencial del volumen [NR] 36
504 ## - NOTA DE BIBLIOGRAFIA, ETC. [R]
Nota de bibliografía, etc. [NR] Incluye referencias bibliográficas
650 #7 - ASIENTO SECUNDARIO DE MATERIA - TERMINO TEMATICO [R]
Término temático o nombre geográfico como elemento de entrada [NR] Dolo (Derecho penal)
Subdivisión general [R] Teorías
9 (RLIN) 172840
650 #7 - ASIENTO SECUNDARIO DE MATERIA - TERMINO TEMATICO [R]
Término temático o nombre geográfico como elemento de entrada [NR] Dolo (Derecho penal)
Subdivisión general [R] Aspectos jurídicos
9 (RLIN) 172841
650 #7 - ASIENTO SECUNDARIO DE MATERIA - TERMINO TEMATICO [R]
Término temático o nombre geográfico como elemento de entrada [NR] Derecho penal
9 (RLIN) 12805
942 ## - ELEMENTOS DE ENTRADA AGREGADOS (KOHA)
Sistema de clasificación DEWEY
Tema principal Derecho
Tipo de ítem principal el descrito en 300a Libro
Edición 1
Clasificación 343.2
Parte restante de la signatura top. M722c
Título oculto en OPAC No
Existencias
Signatura topográfica Código de barras Última vez visto Ejemplar Costo de reposición Price effective from Tipo de ítem Perdido Sistema de clasificación Dañado No prestable Tipo de ítem específico Suprimido Ubicación habitual Ubicación actual Localización Fecha de creación Forma de adquisición Costo
343.2 M722c 100168781 09/12/2024 Ej.1 26000.00 11/01/2022 Libro   DEWEY     Libro   BodegaJK Claustro Préstamo 2 días después de solicitado 11/01/2022 Donación 0.00